| 000 | 00609nam a22002297a 4500 | ||
|---|---|---|---|
| 001 | 35395 | ||
| 003 | BD-RjUL | ||
| 005 | 20211209052319.0 | ||
| 008 | 140524s1966 enka s 001 0 eng d | ||
| 035 | _a(BD-RjUL)35489 | ||
| 040 |
_aBD-RjUL _beng _cBD-RjUL |
||
| 041 | _aeng | ||
| 082 |
_a519.5 _bHAO 1966 |
||
| 100 | 1 |
_aHays, Samuel. _9107724 |
|
| 245 |
_a An outline of statistics / _cby Samuel Hays. |
||
| 250 | _aNew and 7th ed. | ||
| 260 |
_aLondon : _bLongmans, _cc1966. |
||
| 300 |
_ax, 278 p. : _billus. ; _c19 cm. |
||
| 504 | _aIncludes index. | ||
| 650 | 0 |
_aStatistics. _9107725 |
|
| 942 |
_2ddc _cBK |
||
| 999 |
_c35395 _d35395 |
||